000 00859nam a2200277 a 4500
008
020 _a0750604247 (pbk.)
049 _aMAIN
090 _aHF1416
100 1 _aPaliwoda, Stanley J.
245 1 0 _aInternational marketing /
_cStanley J. Paliwoda.
250 _a2nd ed.
260 _aOxford :
_bButterworth Heinemann,
_c1993.
300 _axxii, 706 p. :
_bill. ;
_c25 cm.
440 4 _aThe Marketing series, student.
500 _a"Published on behalf of the Chartered Institute of Marketing."
504 _aIncludes bibliographical references.
500 _aIncludes index.
650 0 _aExport marketing.
710 2 _aChartered Institute of Marketing.
907 _a.b10050656
_b22-07-03
_c17-04-03
003
005 20230123133346.0
040 _cNUST
942 _cBOOKS
_kHF1416
999 _c147225
_d147225